000 00193nam a22000977a 4500
999 _c153925
_d153925
082 _a
_b
245 _aUGC NET/ SLET history paper 1, 2 & 3/
260 _a
_b
_c
650 _a
942 _cBK